000 01056nac a22003017a 4500
001 BR7803628
003 BR-BrBNA
005 20240105114232.0
008 230509b bl.|||m| |||| 00| 0 por d
040 _aBR-BrBNA
_bpor
_cBiblioteca Nacional de Agricultura
072 _aH10
090 _a4020 BR7803628
100 1 _aBleicher, E.
100 1 _aSchroeder, A.L.
100 1 _aBleicher, J.
110 1 _aEmpresa Catarinense de Pesquisa Agropecuaria S.A., Florianopolis, SC (Brasil)
245 1 _aFlutuacao populacional da "mosca das frutas" (Anastrepha fratercula, Wied 1830)no municipio de Videira [Santa Catarina; Brasil]
260 3 _aFlorianopolis, SC (Brasil):
_c1978.
300 _a9 p.
490 _aComunicado Tecnico - Empresa Catarinense de Pesquisa Agropecuaria S.A. (Brazil)
_vno. 9
_xISSN 0100-4719
500 _a7 ref.; Summary (Pt)
650 _aPraga de planta
650 _aMosca das frutas
650 _aVideira
650 _aSanta Catarina
909 _a202312
_bLúcia Elande
_c55
_dLúcia Elande
942 _2AGRIS
_n0
_cMS
999 _c268174
_d268174